Remote sensing of the lower atmosphere (Record no. 103382)
[ view plain ]
| 000 -LEADER | |
|---|---|
| fixed length control field | 00848cam a2200193 4500 |
| 001 - CONTROL NUMBER | |
| control field | ##L125413 |
| 008 - FIXED-LENGTH DATA ELEMENTS--GENERAL INFORMATION | |
| fixed length control field | 040315n1994 000 0 eng u |
| 020 ## - INTERNATIONAL STANDARD BOOK NUMBER | |
| International Standard Book Number | 0195081889 |
| 035 ## - SYSTEM CONTROL NUMBER | |
| System control number | (Sirsi) u125413 |
| 041 0# - LANGUAGE CODE | |
| Language code of text/sound track or separate title | eng |
| 050 04 - LIBRARY OF CONGRESS CALL NUMBER | |
| Classification number | 526.982 $2 18 |
| 100 1# - MAIN ENTRY--PERSONAL NAME | |
| Personal name | Stephens, G. L. |
| 245 00 - TITLE STATEMENT | |
| Title | Remote sensing of the lower atmosphere |
| Remainder of title | an introduction |
| 260 ## - PUBLICATION, DISTRIBUTION, ETC. | |
| Place of publication, distribution, etc. | Oxford |
| Name of publisher, distributor, etc. | Oxford University Press |
| Date of publication, distribution, etc. | 1994 |
| 300 ## - PHYSICAL DESCRIPTION | |
| Extent | xvi, 523p. |
| Dimensions | 25cm. |
| 520 ## - SUMMARY, ETC. | |
| Summary, etc. | This introductory text covers: introductory surveys; the nature of electromagnetic radiation; microscopic interactions; macroscopic interactions - optical properties, and particle absorbtion and scattering; passive sensing - extinction and scattering, and emission; and active sensing. |
| 690 ## - LOCAL SUBJECT ADDED ENTRY--TOPICAL TERM (OCLC, RLIN) | |
| Topical term or geographic name as entry element | ENVIRONMENTAL AND LAND CONSULTANCY-GEOMATICS-PHOTOGRAMMETRY AND REMOTE SENSING |
| 942 ## - ADDED ENTRY ELEMENTS (KOHA) | |
| Suppress in OPAC | 0 |
| Withdrawn status | Lost status | Source of classification or shelving scheme | Damaged status | Not for loan | Home library | Current library | Shelving location | Date acquired | Total Checkouts | Full call number | Barcode | Date last seen | Copy number | Price effective from | Koha item type |
|---|---|---|---|---|---|---|---|---|---|---|---|---|---|---|---|
| Dewey Decimal Classification | London | London | Books | 16/03/2004 | 526.982 STE | 30068693 | 06/08/2019 | 1 | 06/08/2019 | Book |